000 00544nam a2200181Ia 4500
008 240925s9999 xx 000 0 und d
020 _a8177589938
082 _a004.22 STA
100 _aStallings, William
245 0 _aComputer Organization and Architecture: designing for performance
250 _a7th
260 _aNew Delhi:
_bPearson Printice Hall
_c,2006.
300 _axxi,1767p.
_bNA
_fPhotocopy
500 _aIncludes Index
600 _aComputer Science
650 _aComputer science, information & general works
942 _cBK
999 _c10018
_d10018